00610cam a22001815i 4500999001900000001000900019005001700028008004100045020001800086040001300104082001900117100001300136245013300149260003000282300001100312942000700323952009800330 c106479d1064791835766420180804095704.0141103s2014 nyu 000 0 eng  a9783662456224 cPK-LaUMT a621.042bLI--S aLi, Jing00aStructural optimization and experimental investigation of the organic rankine cycle for solar thermal power generation/cJing Li aLondon :bSpringer,c2015 a133 p. cBK 00104070a01b01d2018-08-04l0o621.042 LI--Sp123269r2018-08-04 00:00:00w2018-08-04yBK